[Event "FICGS rapid D 000077 email"]
[Site "FICGS email"]
[Date "2013.05.12"]
[Round "1"]
[White "Brulland, Emmanuel"]
[Black "Jorgenson, Evan"]
[Result "1-0"]
[WhiteElo "1362"]
[BlackElo "1318"]
[PlyCount "47"]
[EventDate "2013.??.??"]
[EventType "tourn (rapid)"]
[EventRounds "5"]
[SourceTitle "Corr 2022"]
[Source "ChessBase"]
[SourceDate "2021.10.24"]
[SourceVersion "1"]
[SourceVersionDate "2021.10.24"]
[SourceQuality "1"]

1. b3 e5 2. Bb2 Nc6 3. g3 Nf6 4. Bg2 Bd6 5. e3 0-0 6. Ne2 b6 7. d3 Ba6 8. Nd2 Bc5 9. 0-0 d5 10. c4 Qd7 11. Re1 e4 12. d4 Bd6 13. cxd5 Nd8 14. Nxe4 Be7 15. N4c3 Nxd5 16. Nxd5 Ne6 17. Nxe7+ Qxe7 18. Bxa8 Rxa8 19. Rc1 Rd8 20. Qc2 Qf6 21. d5 Ng5 22. Bxf6 gxf6 23. Qxc7 Rf8 24. d6 1-0

[Event "FICGS rapid D 000077 email"]
[Site "FICGS email"]
[Date "2013.05.12"]
[Round "1"]
[White "Jorgenson, Evan"]
[Black "Strohmeier, Josef"]
[Result "0-1"]
[WhiteElo "1318"]
[BlackElo "1461"]
[PlyCount "52"]
[EventDate "2013.??.??"]
[EventType "tourn (rapid)"]
[EventRounds "5"]
[SourceTitle "Corr 2022"]
[Source "ChessBase"]
[SourceDate "2021.10.24"]
[SourceVersion "1"]
[SourceVersionDate "2021.10.24"]
[SourceQuality "1"]

1. e4 c5 2. Nc3 Nc6 3. Nf3 g6 4. Be2 Bg7 5. 0-0 d6 6. b3 a6 7. Bb2 Nf6 8. d3 0-0 9. Rc1 Bd7 10. Ba3 b5 11. d4 b4 12. Bxb4 cxb4 13. Nb1 Nxe4 14. c3 bxc3 15. Qd3 Bf5 16. Qc4 Qd7 17. Nxc3 Nxc3 18. Qxc3 Rfc8 19. Bd3 Bxd3 20. Qxd3 Qg4 21. h3 Qf4 22. Rfe1 Nxd4 23. Re4 Rxc1+ 24. Ne1 Qf6 25. Kh2 Rac8 26. g3 Qxf2+ 0-1